00488nam a2200157Ia 450000500170000000800410001708200130005810000170007124500360008826000360012430000110016050000390017194200060021095200990021699900150031520250323154851.0240331s9999 xx 000 0 und d bMoua894 aMounaguru, C 0aKaala ottathinoode oru kavignan aMadrasbSouth Asian Booksc1994 a96 p., aNeelavanan valavum ilakkiyappanium cL 001040708LaWERCLbWERCLcSSCd2024-03-31l0o 894.811 Moup4519r2024-03-31w2024-03-31yL c3778d3778